Electrical and electronics materials (Record no. 71566)

000 -LEADER
fixed length control field 00707nam a22001937a 4500
003 - CONTROL NUMBER IDENTIFIER
control field NUST - PNEC
005 - DATE AND TIME OF LATEST TRANSACTION
control field 20170116181204.0
008 - FIXED-LENGTH DATA ELEMENTS--GENERAL INFORMATION
fixed length control field 160222b xxu||||| |||| 00| 0 eng d
020 ## - INTERNATIONAL STANDARD BOOK NUMBER
International Standard Book Number 9788184871845
040 ## - CATALOGING SOURCE
Transcribing agency LIBRARY
082 ## - DEWEY DECIMAL CLASSIFICATION NUMBER
Classification number 621.30284 KOT
100 ## - MAIN ENTRY--PERSONAL NAME
9 (RLIN) 16576
Personal name Kothari, D. P.
245 ## - TITLE STATEMENT
Title Electrical and electronics materials
Statement of responsibility, etc. D.P. Kothari
260 ## - PUBLICATION, DISTRIBUTION, ETC.
Place of publication, distribution, etc. New Delhi
Name of publisher, distributor, etc. Narosa Publishing House
Date of publication, distribution, etc. c.2016
300 ## - PHYSICAL DESCRIPTION
Extent Various pages
650 ## - SUBJECT ADDED ENTRY--TOPICAL TERM
9 (RLIN) 16577
Topical term or geographic name entry element Electrical engineering--Materials
General subdivision EL / ME / MIS
856 ## - ELECTRONIC LOCATION AND ACCESS
Uniform Resource Identifier <a href="http://www.amazon.com/Electrical-Electronics-Materials-D-Kothari/dp/1842657402/ref=sr_1_12?s=books&ie=UTF8&qid=1456118581&sr=1-12&keywords=Kothari%2C+D.+P.">http://www.amazon.com/Electrical-Electronics-Materials-D-Kothari/dp/1842657402/ref=sr_1_12?s=books&ie=UTF8&qid=1456118581&sr=1-12&keywords=Kothari%2C+D.+P.</a>
942 ## - ADDED ENTRY ELEMENTS (KOHA)
Source of classification or shelving scheme
Koha item type Book
Holdings
Withdrawn status Lost status Source of classification or shelving scheme Damaged status Not for loan Permanent Location Current Location Shelving location Date acquired Source of acquisition Cost, normal purchase price Total Checkouts Full call number Barcode Date last seen Cost, replacement price Price effective from Koha item type
          Pakistan Navy Engineering College (PNEC) Pakistan Navy Engineering College (PNEC)   12/03/2015 Royal Book Company / Lib Grant 561.00   621.30284 KOT PNECLIB-032528 02/22/2016 561.00 12/03/2015 Book
© 2023 Central Library, National University of Sciences and Technology. All Rights Reserved.